00784nam a2200241Ia 4500001000600000003000900006008004100015040001300056040001300069041001300082100001900095100002900114245003200143245003700175250001100212260001500223260002200238260004900260300005700309500010600366650003900472650003100511 3041IT-RoPAU130308s9999 xx 000 0 und d aIT-RoPAU cIT-RoPAU aFRANCESE aBarthes Roland gCodice Aut. SPICS: 9514 aMessage photographique (Le) bCommunication Audiovisuelle (La) a1a ed. aSHERBROOKE bEditions Paulines c1969 [1° Ed.:1969 - Ed.Ling.Originale:1969] a"22 p. (prefazione: no ; testo: 22 [pagine: 61-82])" aMessaggio fotografico Paradossso fotografico Connotazione testo e Immagineinsignificanza Fotografica aTEORIA DELLA COMUNICAZIONE SOCIALE eCodice materia Spics: 3802